[Event "DEM U10/U10w 2010"]
[Site "Oberhof GER"]
[Date "2010.05.29"]
[Round "11"]
[White "Hartmann, Martin"]
[Black "Diener, Carolin"]
[Result "1-0"]
[Termination "normal"]
[Board "26"]
[WhiteElo "1223"]
[BlackElo "1208"]
[PlyCount "113"]
[WhiteFideId "12911925"]
[BlackFideId "24699063"]
[EventCountry "GER"]
[EventRounds "11"]
[EventType "swiss"]
[EventDate "2010.05.22"]

1. e4 e5 2. Nf3 Nc6 3. d4 exd4 4. Nxd4 Bc5 5. Be3 Bb6 6. Bc4 Nf6 7. Nc3 O-O 8.
O-O Nxe4 9. Nxe4 d5 10. Nxc6 bxc6 11. Bd3 dxe4 12. Bxe4 Qf6 13. c3 Bxe3 14.
fxe3 Qe6 15. Qf3 Bb7 16. Rfe1 Rae8 17. Bf5 Qf6 18. Rad1 Bc8 19. Bxc8 Qxf3 20.
gxf3 Rxc8 21. Kg2 Rb8 22. b3 Rbd8 23. Kg3 Rd6 24. Rxd6 cxd6 25. Rd1 d5 26. e4
dxe4 27. fxe4 Re8 28. Rd6 h6 29. Kf3 Re6 30. Rxe6 fxe6 31. Ke3 Kf7 32. Kd4 Ke7
33. e5 g5 34. a4 h5 35. b4 Kd7 36. c4 g4 37. Ke4 h4 38. Kf4 g3 39. hxg3 hxg3
40. Kxg3 c5 41. b5 Kc7 42. a5 Kd7 43. Kf4 Kd8 44. Kg5 Kc8 45. Kf6 Kd7 46. Kf7
Kd8 47. Kxe6 Kc7 48. Kd5 Kd8 49. Kxc5 Kc7 50. e6 a6 51. bxa6 Kb8 52. e7 Kc7 53.
a7 Kb7 54. e8=Q Kxa7 55. Qb5 Ka8 56. a6 Ka7 57. Qb7# 1-0

[Event "DEM U10/U10w 2010"]
[Site "Oberhof GER"]
[Date "2010.05.29"]
[Round "11"]
[White "Boehling, Richard"]
[Black "Bergauz, Noam"]
[Result "1/2-1/2"]
[Termination "normal"]
[Board "27"]
[WhiteElo "1108"]
[BlackElo "1393"]
[PlyCount "71"]
[WhiteFideId "12946176"]
[BlackFideId "12938033"]
[EventCountry "GER"]
[EventRounds "11"]
[EventType "swiss"]
[EventDate "2010.05.22"]

1. e4 e5 2. Nf3 Nc6 3. Bc4 Bc5 4. c3 Nf6 5. d3 O-O 6. a4 a6 7. b4 Ba7 8. O-O d6
9. Nbd2 Be6 10. Qb3 Bxc4 11. Nxc4 b5 12. axb5 axb5 13. Ne3 Bb6 14. Bd2 Qd7 15.
h3 h6 16. Nf5 Ne7 17. Nxe7+ Qxe7 18. Ra2 Qe6 19. Qxe6 fxe6 20. Rfa1 Rab8 21.
Be3 Bxe3 22. fxe3 Rb7 23. Ra7 Rfb8 24. Rxb7 Rxb7 25. Ra5 Kf8 26. Nh4 Kf7 27.
Ra8 g5 28. Nf3 Kg6 29. g4 Kg7 30. Kg2 Kg6 31. Kg3 Kg7 32. h4 gxh4+ 33. Kxh4 Kf7
34. g5 hxg5+ 35. Nxg5+ Ke7 36. Nf3 1/2-1/2

[Event "DEM U10/U10w 2010"]
[Site "Oberhof GER"]
[Date "2010.05.29"]
[Round "11"]
[White "Kololli, Kevin"]
[Black "Halas, Julia"]
[Result "1/2-1/2"]
[Termination "normal"]
[Board "28"]
[WhiteElo "1323"]
[BlackElo "1091"]
[PlyCount "89"]
[WhiteFideId "12936863"]
[BlackFideId "12931810"]
[EventCountry "GER"]
[EventRounds "11"]
[EventType "swiss"]
[EventDate "2010.05.22"]

1. d4 d5 2. Bf4 Nf6 3. e3 e6 4. Bd3 c5 5. c3 Be7 6. Nf3 Nbd7 7. Nbd2 b6 8. O-O
Bb7 9. Ne5 Nxe5 10. Bxe5 O-O 11. Nf3 Rc8 12. Re1 Qd7 13. Bg3 Rfe8 14. Ne5 Qd8
15. Bb5 Rf8 16. Bh4 a6 17. Bd3 b5 18. a3 c4 19. Bc2 Bc6 20. f3 Bb7 21. Rf1 Re8
22. a4 Ra8 23. axb5 axb5 24. Qe2 Qb6 25. Rxa8 Rxa8 26. Nd7 Nxd7 27. Bxe7 Kh8
28. f4 Ra6 29. Qd1 Ra8 30. Rf3 Qa7 31. Ba3 Nf6 32. Rh3 g6 33. Qb1 Ne4 34. Qe1
Bc6 35. Qh4 h5 36. Bxe4 dxe4 37. Qf6+ Kh7 38. Be7 Qa1+ 39. Kf2 Qxb2+ 40. Kg3
Rg8 41. Qxf7+ Rg7 42. Qf8 Rg8 43. Qf7+ Rg7 44. Qf8 Rg8 45. Qf7+ 1/2-1/2

[Event "DEM U10/U10w 2010"]
[Site "Oberhof GER"]
[Date "2010.05.29"]
[Round "11"]
[White "Hoffmann, Christoph"]
[Black "Siegl, Adrian"]
[Result "0-1"]
[Termination "normal"]
[Board "29"]
[WhiteElo "1094"]
[BlackElo "1198"]
[PlyCount "120"]
[BlackFideId "12930156"]
[EventCountry "GER"]
[EventRounds "11"]
[EventType "swiss"]
[EventDate "2010.05.22"]

1. d4 d5 2. c4 dxc4 3. Nc3 e5 4. d5 c6 5. e4 Nf6 6. Bxc4 b5 7. Bb3 b4 8. Na4
Nxe4 9. Qe2 cxd5 10. f3 Nf6 11. Qxe5+ Qe7 12. Qxe7+ Bxe7 13. g4 Be6 14. h3 Nc6
15. f4 Nd4 16. f5 Nxb3 17. axb3 Bd7 18. Ne2 g6 19. O-O Bb5 20. Re1 Ne4 21. Nd4
Ba6 22. Bh6 Bh4 23. Rec1 Bf2+ 24. Kg2 Bxd4 25. Rd1 Bf6 26. Rxd5 Bb7 27. Ra5
Nd2+ 28. Kg3 Nxb3 29. Nc5 Be5+ 30. Bf4 Bxf4+ 31. Kxf4 Nxa1 32. Rxa1 Bc6 33.
Re1+ Kf8 34. Na6 Re8 35. Rxe8+ Bxe8 36. Nxb4 Bb5 37. f6 Ke8 38. Nd5 Kd7 39. Nc3
Bc6 40. Kg5 h6+ 41. Kh4 Re8 42. g5 hxg5+ 43. Kxg5 Ke6 44. Ne2 Bd7 45. Nf4+ Kd6
46. h4 Re4 47. h5 gxh5 48. Nxh5 Re5+ 49. Kh6 Rxh5+ 50. Kxh5 Ke5 51. Kg5 Be6 52.
b4 Bd7 53. b5 Bxb5 54. Kh6 Kxf6 55. Kh7 Bd3+ 56. Kh6 a5 57. Kh5 a4 58. Kg4 a3
59. Kf3 a2 60. Ke3 a1=Q 0-1

[Event "DEM U10/U10w 2010"]
[Site "Oberhof GER"]
[Date "2010.05.29"]
[Round "11"]
[White "Martin, Julian"]
[Black "Schneider, Jana"]
[Result "1/2-1/2"]
[Termination "normal"]
[Board "30"]
[WhiteElo "1126"]
[BlackElo "1073"]
[PlyCount "46"]
[WhiteFideId "12941000"]
[BlackFideId "12924997"]
[EventCountry "GER"]
[EventRounds "11"]
[EventType "swiss"]
[EventDate "2010.05.22"]

1. e4 c5 2. Nf3 d6 3. d4 cxd4 4. Nxd4 Nf6 5. Nc3 a6 6. f3 e6 7. Be3 b5 8. a3
Bb7 9. Qd2 Qc7 10. O-O-O Nbd7 11. g4 Ne5 12. h4 Nc4 13. Bxc4 Qxc4 14. Qd3 Qxd3
15. Rxd3 Nd7 16. Nb3 Ne5 17. Rdd1 Nxf3 18. Rdf1 Ne5 19. g5 g6 20. Bd4 Bg7 21.
Na5 Bc8 22. Nc6 Bb7 23. Na5 Bc8 1/2-1/2

[Event "DEM U10/U10w 2010"]
[Site "Oberhof GER"]
[Date "2010.05.29"]
[Round "11"]
[White "Edelmann, Jonas"]
[Black "Bach, Kira Annika"]
[Result "1-0"]
[Termination "normal"]
[Board "31"]
[WhiteElo "1107"]
[BlackElo "1071"]
[PlyCount "169"]
[BlackFideId "12907677"]
[EventCountry "GER"]
[EventRounds "11"]
[EventType "swiss"]
[EventDate "2010.05.22"]

1. d4 Nf6 2. e3 d5 3. Nf3 Bg4 4. h3 Bh5 5. Bd3 Nc6 6. O-O e6 7. g4 Bg6 8. Nbd2
Qd6 9. Bxg6 hxg6 10. Kg2 O-O-O 11. b3 e5 12. Bb2 exd4 13. Bxd4 Qd7 14. Rh1 Nxg4
15. Ng5 Nxd4 16. exd4 Nf6 17. Ndf3 Bd6 18. Ne5 Bxe5 19. dxe5 Nh5 20. Qg4 Qxg4+
21. hxg4 Nf4+ 22. Kf3 Rxh1 23. Rxh1 Ne6 24. Nxf7 Rf8 25. Rh8 Rxh8 26. Nxh8 Nd4+
27. Kf4 Nxc2 28. Nxg6 a5 29. Ne7+ Kd7 30. Nxd5 b5 31. Kf5 Nd4+ 32. Kg6 Ke6 33.
Nxc7+ Kxe5 34. g5 a4 35. bxa4 bxa4 36. Kxg7 a3 37. g6 Nf5+ 38. Kf8 Kf6 39. Nb5
Kxg6 40. Nxa3 Nd4 41. Ke7 Kf5 42. Kd6 Ke4 43. Kc5 Ne6+ 44. Kb4 Kf3 45. Nc4 Kxf2
46. a4 Nc7 47. a5 Kf3 48. Kc5 Ke4 49. Kb6 Nd5+ 50. Kb7 Nb4 51. Na3 Kd5 52. Nc2
Nc6 53. a6 Kd6 54. Nb4 Na5+ 55. Kb8 Nc4 56. a7 Nb6 57. Kb7 Kc5 58. Nd3+ Kb5 59.
Ne5 Kc5 60. Nd7+ Nxd7 61. a8=Q Kd6 62. Qd8 Ke6 63. Kc6 Ne5+ 64. Kc5 Nd7+ 65.
Kd4 Nf6 66. Qb6+ Kf5 67. Qd6 Kg5 68. Ke3 Kf5 69. Qf4+ Ke6 70. Kd4 Ke7 71. Kc5
Kf7 72. Kd6 Kg7 73. Qg5+ Kf7 74. Qf5 Kg7 75. Ke7 Ng8+ 76. Ke6 Kh8 77. Qg6 Ne7
78. Qf6+ Kh7 79. Qxe7+ Kg6 80. Qf8 Kh7 81. Qf1 Kg7 82. Qf2 Kg8 83. Ke7 Kh8 84.
Kf7 Kh7 85. Qh4# 1-0

[Event "DEM U10/U10w 2010"]
[Site "Oberhof GER"]
[Date "2010.05.29"]
[Round "11"]
[White "Nguyen, Anh Van"]
[Black "Denkert, Anna"]
[Result "1-0"]
[Termination "normal"]
[Board "32"]
[WhiteElo "1095"]
[BlackElo "914"]
[PlyCount "95"]
[WhiteFideId "12908223"]
[BlackFideId "12938122"]
[EventCountry "GER"]
[EventRounds "11"]
[EventType "swiss"]
[EventDate "2010.05.22"]

1. e4 e5 2. Nc3 Nf6 3. f4 Nc6 4. Nf3 d6 5. Bc4 Be6 6. Bxe6 fxe6 7. O-O Be7 8.
d4 Nd7 9. fxe5 dxe5 10. d5 exd5 11. Nxd5 Bf6 12. c3 O-O 13. Qb3 Rf7 14. Qxb7
Ne7 15. Qxc7 Nxd5 16. Qxd8+ Rxd8 17. exd5 e4 18. Ng5 Bxg5 19. Bxg5 Rdf8 20. c4
Nb6 21. b3 Rf5 22. Rxf5 Rxf5 23. Be3 Rf7 24. Bxb6 axb6 25. Re1 Kf8 26. Rf1
Rxf1+ 27. Kxf1 Ke7 28. Ke2 Kd6 29. Ke3 g6 30. Kxe4 h6 31. g4 g5 32. h3 Kd7 33.
Ke5 Ke7 34. d6+ Kd7 35. Kd5 Kd8 36. Kc6 Kc8 37. a4 Kd8 38. b4 Kc8 39. d7+ Kd8
40. Kxb6 Kxd7 41. c5 Kc8 42. a5 Kb8 43. c6 Kc8 44. a6 Kb8 45. b5 Kc8 46. c7 Kd7
47. a7 Kc8 48. a8=Q+ 1-0

[Event "DEM U10/U10w 2010"]
[Site "Oberhof GER"]
[Date "2010.05.29"]
[Round "11"]
[White "Tiedemann, Fin Niklas"]
[Black "Sadewasser, Lucie"]
[Result "1-0"]
[Termination "normal"]
[Board "33"]
[WhiteElo "997"]
[BlackElo "1197"]
[PlyCount "35"]
[WhiteFideId "12936936"]
[BlackFideId "12905445"]
[EventCountry "GER"]
[EventRounds "11"]
[EventType "swiss"]
[EventDate "2010.05.22"]

1. e4 e5 2. Bc4 Nf6 3. d3 Bc5 4. c3 Nc6 5. Nf3 d6 6. h3 h6 7. O-O O-O 8. Re1
Bb6 9. Bb3 Be6 10. Bc2 Re8 11. Nbd2 Qd7 12. Nf1 a6 13. Ng3 Rad8 14. d4 exd4 15.
cxd4 Nb4 16. Ba4 c6 17. d5 cxd5 18. Bxd7 1-0

[Event "DEM U10/U10w 2010"]
[Site "Oberhof GER"]
[Date "2010.05.29"]
[Round "11"]
[White "Müller, Sophie"]
[Black "Simon, Tessa"]
[Result "1-0"]
[Termination "normal"]
[Board "34"]
[WhiteElo "1102"]
[BlackElo "1270"]
[PlyCount "65"]
[WhiteFideId "12926698"]
[BlackFideId "12929395"]
[EventCountry "GER"]
[EventRounds "11"]
[EventType "swiss"]
[EventDate "2010.05.22"]

1. d4 Nf6 2. Nf3 g6 3. Bf4 Bg7 4. e3 O-O 5. c4 c5 6. Nc3 d5 7. Bd3 dxc4 8. Bxc4
Qa5 9. O-O cxd4 10. exd4 Bg4 11. Re1 Re8 12. Qb3 Rf8 13. Qxb7 Nbd7 14. Rxe7
Rae8 15. Rxe8 Rxe8 16. Qb3 Be6 17. Bxe6 fxe6 18. Ng5 Qa6 19. Re1 h6 20. Rxe6
Rxe6 21. Qxe6+ Qxe6 22. Nxe6 Bh8 23. Bxh6 Ng4 24. Be3 Kf7 25. Ng5+ Ke7 26. Nb5
a6 27. Nc3 Ngf6 28. Kf1 Kd8 29. Nf7+ Kc7 30. Nxh8 Ng4 31. h3 Nxe3+ 32. fxe3 g5
33. Nf7 1-0

[Event "DEM U10/U10w 2010"]
[Site "Oberhof GER"]
[Date "2010.05.29"]
[Round "11"]
[White "Wallat, Jessica"]
[Black "Rogozenco, Teodora Nana"]
[Result "0-1"]
[Termination "normal"]
[Board "35"]
[WhiteElo "1045"]
[BlackElo "1186"]
[PlyCount "126"]
[WhiteFideId "12909637"]
[BlackFideId "12938084"]
[EventCountry "GER"]
[EventRounds "11"]
[EventType "swiss"]
[EventDate "2010.05.22"]

1. e4 c5 2. Nf3 d6 3. Bb5+ Bd7 4. Bxd7+ Qxd7 5. Nc3 Nc6 6. d3 g6 7. Be3 Bg7 8.
Qd2 Nf6 9. h3 O-O 10. Bh6 a6 11. Bxg7 Kxg7 12. O-O-O Rfc8 13. g4 b5 14. g5 Nh5
15. Nd5 Rab8 16. d4 cxd4 17. Nxd4 Ne5 18. Qa5 Qa7 19. f4 Nc4 20. Qe1 e6 21. Nb4
Qc7 22. Nxa6 Qa7 23. Qc3 Ne5 24. Qa5 Nxf4 25. Nxb5 Qa8 26. Nbc7 Qa7 27. Nb5
Qe3+ 28. Kb1 Ra8 29. Rxd6 Nc4 30. Re1 Ne2 31. Rd3 Qxd3 32. cxd3 Nxa5 33. Rxe2
Rxa6 34. Nc3 Kf8 35. Kc2 Ke7 36. b4 Nc6 37. Rf2 Nxb4+ 38. Kd2 Nxa2 39. Nb5 Rb6
40. Nd4 Rb2+ 41. Ke3 Rxf2 42. Kxf2 Nb4 43. Ke3 Rc3 44. Kf4 Nxd3+ 45. Kg4 Nf2+
46. Kf4 Nxh3+ 47. Ke5 Nxg5 48. Kf4 Rc4 49. Ke3 e5 50. Ne2 Rxe4+ 51. Kf2 Rxe2+
52. Kxe2 Kf6 53. Kf2 e4 54. Ke2 Kf5 55. Kf1 h5 56. Kg2 h4 57. Kf2 h3 58. Kf1 e3
59. Kg1 e2 60. Kh1 Kg4 61. Kh2 Kf3 62. Kh1 Kg3 63. Kg1 e1=Q# 0-1

[Event "DEM U10/U10w 2010"]
[Site "Oberhof GER"]
[Date "2010.05.29"]
[Round "11"]
[White "Grieb, Lukas"]
[Black "Matzeit, Adrian"]
[Result "1-0"]
[Termination "normal"]
[Board "36"]
[WhiteElo "1007"]
[BlackElo "1175"]
[PlyCount "51"]
[WhiteFideId "1271993"]
[BlackFideId "12946737"]
[EventCountry "GER"]
[EventRounds "11"]
[EventType "swiss"]
[EventDate "2010.05.22"]

1. e4 c5 2. Nf3 d6 3. d4 cxd4 4. Nxd4 Nf6 5. Nc3 e5 6. Nb3 Be6 7. Bb5+ Nbd7 8.
O-O h6 9. f4 Bg4 10. Qd3 a6 11. Bxd7+ Qxd7 12. f5 g5 13. fxg6 Bg7 14. gxf7+
Qxf7 15. Qxd6 Qe7 16. Qxe7+ Kxe7 17. Be3 Be6 18. Bc5+ Kd7 19. Rad1+ Ke8 20. Rd6
Bxb3 21. axb3 Nh7 22. Re6+ Kd8 23. Rd1+ Kc8 24. Nd5 Kb8 25. Nb6 Ra7 26. Bd6#
1-0

[Event "DEM U10/U10w 2010"]
[Site "Oberhof GER"]
[Date "2010.05.29"]
[Round "11"]
[White "Stobbe, Frederik"]
[Black "Riegel, Arinna"]
[Result "1-0"]
[Termination "normal"]
[Board "37"]
[WhiteElo "1157"]
[BlackElo "1013"]
[PlyCount "45"]
[BlackFideId "12931446"]
[EventCountry "GER"]
[EventRounds "11"]
[EventType "swiss"]
[EventDate "2010.05.22"]

1. e4 e5 2. Nf3 Nf6 3. Nc3 Nc6 4. d4 exd4 5. Nxd4 Bb4 6. Nxc6 bxc6 7. Bd3 O-O
8. O-O d6 9. Bg5 h6 10. Bh4 Re8 11. Qf3 g5 12. Bg3 Bg4 13. Qe3 d5 14. f3 Bd7
15. Rae1 Be6 16. e5 Nh5 17. f4 d4 18. Qe4 f5 19. exf6 Qxf6 20. Qh7+ Kf8 21.
fxg5 Qxf1+ 22. Rxf1+ Bf7 23. Rxf7# 1-0

[Event "DEM U10/U10w 2010"]
[Site "Oberhof GER"]
[Date "2010.05.29"]
[Round "11"]
[White "Neuwald, Johannes"]
[Black "Giede, Anna-Blume"]
[Result "1/2-1/2"]
[Termination "normal"]
[Board "38"]
[WhiteElo "1277"]
[BlackElo "927"]
[PlyCount "88"]
[BlackFideId "12921980"]
[EventCountry "GER"]
[EventRounds "11"]
[EventType "swiss"]
[EventDate "2010.05.22"]

1. e4 e5 2. Nf3 Nc6 3. Bb5 Nf6 4. O-O Nxe4 5. Re1 Nd6 6. Nxe5 Nxe5 7. Rxe5+ Be7
8. Ba4 O-O 9. d4 Bf6 10. Re1 Nf5 11. c3 d5 12. Bf4 b6 13. Bc6 Rb8 14. Nd2 Bb7
15. Bxb7 Rxb7 16. Nf3 c5 17. Qd3 Qc8 18. Be5 Bxe5 19. Rxe5 Ne7 20. Ng5 g6 21.
Qh3 Qxh3 22. Nxh3 cxd4 23. cxd4 Rc8 24. Nf4 f6 25. Ree1 g5 26. Nd3 Nf5 27. Rac1
Rxc1 28. Nxc1 Nxd4 29. Rd1 Rc7 30. Nd3 Rc2 31. Nb4 Ne2+ 32. Kf1 Rxb2 33. Nxd5
Rxa2 34. Nxf6+ Kg7 35. Ne8+ Kf7 36. Nd6+ Kg7 37. Nf5+ Kf6 38. Ne3 b5 39. Rd6+
Kg7 40. Nf5+ Kf7 41. Nh6+ Kg7 42. Nf5+ Kf7 43. Nh6+ Kg7 44. Nf5+ Kf7 1/2-1/2

[Event "DEM U10/U10w 2010"]
[Site "Oberhof GER"]
[Date "2010.05.29"]
[Round "11"]
[White "Main, Laetitia Chantal"]
[Black "Mildner, Ramón"]
[Result "1/2-1/2"]
[Termination "normal"]
[Board "39"]
[WhiteElo "922"]
[BlackElo "1200"]
[PlyCount "53"]
[BlackFideId "12909645"]
[EventCountry "GER"]
[EventRounds "11"]
[EventType "swiss"]
[EventDate "2010.05.22"]

1. f4 d5 2. Nf3 c5 3. e3 Nc6 4. Bb5 Bd7 5. b3 Nf6 6. Bb2 g6 7. O-O Bg7 8. c3
O-O 9. d4 cxd4 10. exd4 Ng4 11. Qe1 e5 12. fxe5 Ncxe5 13. Bxd7 Nxd7 14. Qh4
Qxh4 15. Nxh4 Ne3 16. Rf2 Rfe8 17. h3 Nd1 18. Rd2 Re1+ 19. Kh2 Bf8 20. Kg3 Rae8
21. Ba3 Nxc3 22. Bxf8 Nxf8 23. Rb2 Rc1 24. Nf3 Re2 25. Nxc3 Rxb2 26. Rxc1 Ne6
27. Nxd5 1/2-1/2

[Event "DEM U10/U10w 2010"]
[Site "Oberhof GER"]
[Date "2010.05.29"]
[Round "11"]
[White "Lederer, Leia"]
[Black "Du, Katharina"]
[Result "1-0"]
[Termination "normal"]
[Board "41"]
[WhiteElo "971"]
[BlackElo "1006"]
[PlyCount "33"]
[WhiteFideId "12926353"]
[BlackFideId "12945757"]
[EventCountry "GER"]
[EventRounds "11"]
[EventType "swiss"]
[EventDate "2010.05.22"]

1. e4 e5 2. Nf3 Nc6 3. Bb5 a6 4. Ba4 b5 5. Bb3 d6 6. Nc3 Nf6 7. d3 Be7 8. Be3
O-O 9. Qd2 Bd7 10. h4 Na5 11. h5 Ng4 12. h6 Nxh6 13. Bxh6 gxh6 14. Qxh6 Bh4 15.
Rxh4 Re8 16. Qxh7+ Kf8 17. Qxf7# 1-0

[Event "DEM U10/U10w 2010"]
[Site "Oberhof GER"]
[Date "2010.05.29"]
[Round "11"]
[White "Lohrmann, Tabea"]
[Black "Cejda, Cecilia"]
[Result "1-0"]
[Termination "normal"]
[Board "42"]
[WhiteElo "874"]
[BlackElo "894"]
[PlyCount "39"]
[WhiteFideId "12911941"]
[BlackFideId "12921122"]
[EventCountry "GER"]
[EventRounds "11"]
[EventType "swiss"]
[EventDate "2010.05.22"]

1. e4 c5 2. Nf3 Nc6 3. Bc4 e6 4. O-O d6 5. Nc3 Nf6 6. d3 g6 7. Bg5 Bg7 8. Re1
e5 9. h3 O-O 10. Qd2 Re8 11. Bh6 Bh8 12. Qg5 Bd7 13. Nh4 Be6 14. Bxe6 Rxe6 15.
Re3 Qb6 16. Rb1 Nh5 17. Nd5 Qa5 18. Rf3 f6 19. Qg4 Qxa2 20. Qxe6# 1-0

[Event "DEM U10/U10w 2010"]
[Site "Oberhof GER"]
[Date "2010.05.29"]
[Round "11"]
[White "Möller, Hannah"]
[Black "Köhler, Inken"]
[Result "1-0"]
[Termination "normal"]
[Board "44"]
[WhiteElo "854"]
[BlackElo "786"]
[PlyCount "87"]
[WhiteFideId "1270514"]
[BlackFideId "12929301"]
[EventCountry "GER"]
[EventRounds "11"]
[EventType "swiss"]
[EventDate "2010.05.22"]

1. e4 e5 2. Nf3 Nc6 3. Bc4 Nf6 4. d3 Bc5 5. c3 a5 6. O-O d6 7. Bg5 Bg4 8. h3
Bd7 9. Nbd2 Qe7 10. a3 a4 11. Bb5 Nd8 12. Bxd7+ Qxd7 13. Bxf6 gxf6 14. b4 axb3
15. Qxb3 f5 16. exf5 Qxf5 17. d4 Bb6 18. g4 Qf4 19. Kg2 e4 20. Ng5 Qxd2 21.
Nxe4 Qf4 22. Rfe1 O-O 23. Ng3 Ba7 24. Nh5 Qg5 25. Qc2 f5 26. Qb3+ Kh8 27. f3 c5
28. a4 cxd4 29. Re2 d3 30. Ree1 d2 31. Re2 fxg4 32. hxg4 d5 33. c4 b6 34. cxd5
Rf5 35. Re8+ Qg8 36. Rxg8+ Kxg8 37. d6+ Kf8 38. Rd1 Rg5 39. Rxd2 Nc6 40. Qc3
Rc5 41. Qf6+ Ke8 42. Re2+ Kd7 43. Qe6+ Kd8 44. Qe8# 1-0

[Event "DEM U10/U10w 2010"]
[Site "Oberhof GER"]
[Date "2010.05.29"]
[Round "11"]
[White "Ratay, Meike"]
[Black "Schluckner, Paul-Leopold"]
[Result "1-0"]
[Termination "normal"]
[Board "45"]
[WhiteElo "930"]
[BlackElo "957"]
[PlyCount "105"]
[WhiteFideId "12977608"]
[BlackFideId "12952168"]
[EventCountry "GER"]
[EventRounds "11"]
[EventType "swiss"]
[EventDate "2010.05.22"]

1. e4 e5 2. Nf3 Nc6 3. Bc4 Nf6 4. d3 Bc5 5. Bg5 h6 6. Bh4 O-O 7. O-O d6 8. h3
Qe7 9. Nc3 Be6 10. Bxe6 fxe6 11. Nd2 Qf7 12. Qf3 Nd4 13. Qd1 Nh7 14. Ne2 Nxe2+
15. Qxe2 Rae8 16. Nb3 Bb6 17. a4 a6 18. a5 Ba7 19. Ra4 b5 20. Ra2 d5 21. Bg3
Qf6 22. c4 bxc4 23. dxc4 d4 24. c5 c6 25. Qxa6 Qe7 26. Qxc6 Rc8 27. Qa6 Qf6 28.
c6 Rfd8 29. Qb5 d3 30. Rd1 Rf8 31. Rf1 Rfd8 32. Bxe5 Qf7 33. Bg3 d2 34. Raa1
Qf6 35. Be5 Qg6 36. Rad1 Rf8 37. Rxd2 Rf7 38. Qa6 Rcf8 39. Bd4 Bb8 40. e5 Bc7
41. Qd3 Qg5 42. Qe3 Qg6 43. a6 Rf3 44. Qe2 Rxb3 45. a7 Rxh3 46. Ra1 Rh4 47.
a8=Q Rxa8 48. Rxa8+ Nf8 49. Bc5 Rf4 50. Rd4 Rxd4 51. Rxf8+ Kh7 52. Bxd4 Qb1+
53. Qf1 1-0